000 00646nam a2200169 i 4500
001 183829
003 ES-MaACL
005 20230906221958.0
008 141022s1839 sp l |||| | spa d
080 _a354.32(460).075.5(060.13)
110 1 _aEspaña.
_bDirección General de Estudios.
_9155751
245 1 0 _aReglamento para la Dirección General de Estudios
_b: aprobado por S.M. la reina gobernadora en Real orden de 20 de noviembre de 1838.
260 _a[S.l.] :
_b[s.n.],
_c1839 (
_eMadrid :
_fImp. Nacional)
300 _a18 p. ;
_c21 cm.
610 2 4 _aEspaña.
_bDirección General de Estudios.
_9155751
852 _aES-MaACL
_jT-585-F-4
999 _c183829
_d183829